| 000 | 00786nam a22002297a 4500 | ||
|---|---|---|---|
| 999 |
_c14211 _d14211 |
||
| 003 | AR-CdUCM | ||
| 008 | 190417b ||||| |||| 00| 0 spa d | ||
| 020 | _a956-12-1380-X | ||
| 040 |
_aMUNICIPALIDAD PROVINCIAL DEL CUSCO _cBIBLIOTECA MUNICIPAL DEL CUSCO |
||
| 082 |
_aEP / 803 / _bH51 |
||
| 100 |
_aHidalgo, Héctor. _932892 |
||
| 245 |
_aLos gatos de Venecia : _bY otros cuentos / |
||
| 260 |
_aSantiago : _bZig - Zag, _c1994. |
||
| 300 |
_a94 paginas ; _c18 cm. |
||
| 500 | _aCuentos infantiles | ||
| 505 | _aContenido :Los gatos de Venecia -- La sonrisa del hombre -- Los burros de Juan Palomares -- ¿Y tú ..., de qué cuento vienes ? . | ||
| 650 |
_aCuentos _9217 |
||
| 650 |
_aLiteratura _983 |
||
| 650 |
_aChile _91150 |
||
| 942 |
_2ddc _cLIBROS |
||
| 945 |
_arum _d2019-04-22 |
||